000 00457nam a22001577a 4500
003 SISC
005 20161128031307.0
008 161128b xxu||||| |||| 00| 0 eng d
020 _a9786279546333
050 _aJZ 6377.A9
_b.C141 2016
100 _aCal, Ben.
245 _aWarriors for peace /
_cBen Cal.
260 _aManila :
_bArt Angel Printshop Commercial Quests Inc.,
_c2016.
300 _axxv, 271 pages :
_billustrations ;
_c23 cm.
942 _2lcc
_cBK
999 _c305295
_d305295